000 00910nam a22001697a 4500
008 150203b xxu||||| |||| 00| 0 eng d
020 _a1854318233
050 _aKD1949.L49
100 _aLewthwaite, John.
245 _aLaw of torts. /
_cJohn Lewthwaite.
_bcases and materials
250 _a2nd ed.
260 _aLondon:
_bBlackstone Press Ltd,
_c1998.
300 _axxviii,469p.:
_c25cm.
505 _aContents:Liability in tort -- General defences -- Negligence -- Causation and remoteness -- Negligence: Pure economic loss/negligent misstatement -- Negligence:Nervous shock/psychiatric damage -- Liability for dangerous premises and land -- The action for breach of statutory duty and employers' common law duty of care to the their employees -- Trespass torts -- Nuisance -- Hazardous activities -- Defamation -- Product liability -- Animals -- Remedies
700 _aHodgson, John S.
942 _2lcc
_cBK
999 _c5340
_d12840